عرض عادي
عرض مارك
- Africa
مدخل إسم جغرافي
001 - رقم الضبط
- حقل الضبط: 6906
003 - معرف رقم الضبط
- حقل الضبط: OSt
005 - تاريخ ووقت أخر عملية
- حقل الضبط: 20111203145039.0
008 - عناصر بيانات ثابتة الطول
- حقل تحكم ثابت الطول: 111203|||a|||||| | ||| d
040 ## - مصدر الفهرسة
- هيئة الفهرسة الأصلية: OSt
- وكالة الكتابة: OSt
151 ## - مدخل-- مصطلح تاريخي
- اسم جغرافي: Africa
- تفريع عام: Languages.
670 ## - بيانات المصدر موجوده
- الاستشهاد بالمصدر: Work cat.: (OSt)0: The cradle of language /, 2009.
